Normal view
MARC view
- TRAFFIC CONGESTION; MOTOR VEHICLES-AUTOMATIC CONTROL; DETECTORS; INTELLIGENT VEHICLE HIGHWAY SYSTEMS
Entry Topical Term
001 - CONTROL NUMBER
- control field: 60215
003 - CONTROL NUMBER IDENTIFIER
- control field: NUST
005 - DATE AND TIME OF LATEST TRANSACTION
- control field: 20210628202515.0
008 - FIXED-LENGTH DATA ELEMENTS
- fixed length control field: 210628|| aca||aabn | a|a d
040 ## - CATALOGING SOURCE
- Original cataloging agency: NUST
- Transcribing agency: NUST
150 ## - HEADING--TOPICAL TERM
- Topical term or geographic name entry element: TRAFFIC CONGESTION; MOTOR VEHICLES-AUTOMATIC CONTROL; DETECTORS; INTELLIGENT VEHICLE HIGHWAY SYSTEMS
670 ## - SOURCE DATA FOUND
- Source citation: Work cat.: (NUST): Klein, Lawrence.A 60214, Sensor technologies and data requirements for its, 2001
